000 00586nam a22001817a 4500
005 20250403054616.0
008 250403b |||||||| |||| 00| 0 eng d
020 _a978-971-9908-17-3
082 _aFil. 510.76 C744 2015
100 _aConcepcion, Benjamin P., Jr.
245 _aLicensure examination for teachers reviewer:
_bmathematics /
_cBenjamin P. Concepcion Jr.
250 _a2015 ed.
260 _aManila:
_bMET Review Publishing House,
_cc2015
300 _a156p.
541 _e7795 c.1
650 _aMathematics - Problems, exercises, etc.
650 _aTeachers - Examinations
999 _c2412
_d2412